00778cam a2200193 450000500170000000800410001702000150005805000210007305000230009424501410011726000930025830000200035150400350037165000330040665000320043970000360047170000370050770000400054420210630125903.0210630b mx ||||| |||| 00| 0 spa d a968859366404aPN4576bI45 199904aPN74.R45bI39 199904aLas Iglesias y la agenda de la prensa escrita en México c/ Sergio Inestrosa coord. ; Eduardo García Vázquez autores ... [et al.]. aMéxico :bUniversidad Iberoamericana. Dirección de Investigación y Posgrado,c1999 a80 p. ;c21 cm. aIncluye anexos, bibliografía 4aIglesia y prensazMéxico 4aReligion y prensaxMéxico1 aInestrosa, Sergio,ecoordinador1 aGarcia Vázquez, Eduardoeautor1 aSánchez Albarrán, Estelaeautor